Billie Eilish - Getting Older Lyrics - Statistics

General Stats
  • This quiz has been taken 214 times
  • The average score is 221 of 278
Answer Stats
Answer % Correct
I
100%
older
100%
get
99%
getting
99%
I'm
99%
a
98%
think
97%
we
97%
my
95%
be
93%
me
93%
to
93%
To
93%
so
92%
well
92%
aging
91%
But
91%
but
91%
for
91%
For
91%
it's
91%
It's
91%
on
91%
the
91%
when
91%
When
91%
I'd
90%
myself
90%
some
90%
by
88%
doing
88%
more
87%
Than
87%
than
87%
this
87%
had
86%
just
86%
Just
86%
that
86%
That
86%
told
86%
wish
86%
at
85%
myself
85%
someone
85%
ever
84%
wish
81%
And
80%
and
80%
I've
80%
Now
80%
now
80%
anyone
79%
(anyone
79%
I'll
79%
keep
79%
lot
79%
stranger's
79%
strangers
79%
that's
79%
Things
79%
things
79%
week
79%
door
78%
every
78%
reason
78%
There's
78%
there's
78%
bad
77%
got
77%
seem
77%
shoulders
77%
thankful
77%
want
77%
was
77%
Was
77%
before
76%
before)
76%
grateful
76%
sound
76%
Too
76%
too
76%
your
76%
'cause
75%
'Cause
75%
employed
75%
make
75%
always
74%
bored
74%
enjoyed
74%
happier
74%
is
74%
Last
74%
once
74%
better
73%
don't
73%
everything
73%
longing
73%
story
73%
of
72%
realized
72%
worse
72%
honest
71%
least
71%
ironic
70%
reasons
70%
healing
69%
maybe
69%
waiting
69%
Can't
68%
different
68%
feeling
68%
pity
68%
tell
68%
they're
68%
usually
68%
Which
68%
deranged
67%
retell
67%
sounds
67%
did
66%
much
66%
sentence
66%
Someday
66%
until
66%
care
65%
next
65%
rehearsed
65%
wasn't
65%
(Wasn't
65%
wrong
65%
admitting
64%
attention
64%
didn't
64%
wanna
64%
shake
63%
weird
63%
being
62%
crave
62%
hope
62%
ignored
62%
pleasure
62%
promise
62%
time
62%
trauma
61%
fine
60%
laughing
60%
prioritize
60%
because
59%
we're
59%
abused
58%
asking
58%
still
58%
afraid
57%
somewhere
57%
what
57%
anybody
56%
endeavor
55%
given
54%
together
54%
Would
52%
decision)
51%
ya
51%
neglection)
50%
(not
50%
depend
49%
(lying
46%
estranged
45%
his
43%
permission)
43%
mmm
32%
No matching quizzes found
Score Distribution
Percent of People with Each Score
Percentile by Number Answered
Your Score History
You have not taken this quiz